U.S. States Flags (+Twist) - Sudden Death #2 - Statistics

General Stats
  • This quiz has been taken 42 times
  • The average score is 12 of 34
Answers on the Grid
Answers color-coded by a green-red scale on the quiz's grid according to % correct below.
Alabama
Alaska
Arizona
Arkansas
California
Colorado
Connecticut
Delaware
Florida
Georgia
Hawaii
Idaho
Illinois
Indiana
Iowa
Kansas
Kentucky
Louisiana
Maine
Maryland
Massachusetts
Michigan
Minnesota
Mississippi
Missouri
Montana
Nebraska
Nevada
New Hampshire
New Jersey
New Mexico
New York
North Carolina
North Dakota
Ohio
Oklahoma
Oregon
Pennsylvania
Rhode Island
South Carolina
South Dakota
Tennessee
Texas
Utah
Vermont
Virginia
Washington
West Virginia
Wisconsin
Wyoming
 
Answer Stats
Answer % Correct
California
88%
Delaware
63%
Maine
63%
Idaho
50%
Iowa
50%
Kansas
50%
Louisiana
50%
South Carolina
50%
Connecticut
38%
Florida
38%
Illinois
38%
Massachusetts
38%
Michigan
38%
Mississippi
38%
Montana
38%
Nebraska
38%
New Jersey
38%
Vermont
38%
Virginia
38%
Wisconsin
38%
Wyoming
38%
Georgia
25%
Nevada
25%
New York
25%
North Dakota
25%
Pennsylvania
25%
Washington
25%
West Virginia
25%
Kentucky
13%
New Hampshire
13%
Oklahoma
13%
Oregon
13%
Missouri
0%
South Dakota
0%
No matching quizzes found
Score Distribution
Percent of People with Each Score
Percentile by Number Answered
Your Score History
You have not taken this quiz